[Event "XXVII Belgrade Trophy"]
[Site "Obrenovac SRB"]
[Date "2013.11.27"]
[Round "4.22"]
[White "Kacakovski,D"]
[Black "Zivkovic,Sava"]
[Result "1/2-1/2"]
[WhiteElo "2143"]
[BlackElo "2334"]

1.d4 Nf6 2.Bg5 g6 3.Bxf6 exf6 4.e3 Bg7 5.g3 O-O 6.Bg2 f5 7.Ne2 d6 8.O-O c6
9.c4 Nd7 10.Nbc3 Nf6 11.b4 Be6 12.Qd3 Rc8 13.Rab1 Re8 14.c5 h5 15.Rfd1 h4
16.Nf4 Bh6 17.b5 Bxf4 18.exf4 dxc5 19.dxc5 Qa5 20.Qd4 Ng4 21.Qb4 Qxb4 22.Rxb4 hxg3
23.hxg3 Red8 24.bxc6 bxc6 25.Rbd4 Rxd4 26.Rxd4 Rb8 27.Rd2 Rb4 28.Bxc6 Rc4
29.Na4 Nf6 30.f3 Kf8 31.Bb5 Rb4 32.Nc3 Nd5 33.Nxd5 Rxb5 34.Nc7 Rxc5 35.Nxe6+ fxe6
36.Rd7 Rc1+ 37.Kg2 Rc2+ 38.Kh3 Rxa2 39.Kh4 a5 40.Ra7 Ke8 41.g4 Ra3 42.gxf5 gxf5
43.Kg5 Rxf3 44.Kf6 Re3 45.Rxa5 Kd7 46.Ra6 Re4 47.Rb6  1/2-1/2

[Event "5th Pilsen Open 2013"]
[Site "Plzen CZE"]
[Date "2013.11.29"]
[Round "6"]
[White "Chudinovskikh,A"]
[Black "Anaskin,Arsenij"]
[Result "1-0"]
[WhiteElo "2334"]
[BlackElo "1916"]

1.d4 Nf6 2.Bg5 g6 3.Nd2 Bg7 4.e4 d6 5.c3 O-O 6.Ngf3 Nbd7 7.Bc4 h6 8.Bh4 c6
9.Bb3 e5 10.O-O Qc7 11.h3 b6 12.Re1 Nh5 13.Nf1 Bb7 14.Qd2 Rae8 15.Rad1 g5
16.Bg3 exd4 17.Nxd4 Nc5 18.Bc2 Nxg3 19.Nxg3 Be5 20.Ndf5 Kh7 21.Nxd6 Rd8 22.Ngf5 Kh8
23.Qe2 Bxd6 24.Qh5 f6 25.Qxh6+ Kg8 26.b4 Ne6 27.Bb3 Bc8 28.Rxd6 Rxd6 29.e5 Rd5
30.exf6 Qh7 31.Ne7+ Kh8 32.Ng6+ Kg8 33.Qxh7+ Kxh7 34.Nxf8+ Nxf8 35.Bxd5 cxd5
36.Re8 Ne6 37.Rxc8  1-0

[Event "14th Puhajarve Rapid"]
[Site "Puhajarve EST"]
[Date "2013.11.29"]
[Round "10.4"]
[White "Volodin,Alek"]
[Black "Haavamae,Henrik"]
[Result "1-0"]
[WhiteElo "2477"]
[BlackElo "2023"]

1.d4 Nf6 2.Bg5 c5 3.d5 Qb6 4.Nc3 Qxb2 5.Bd2 Qb6 6.e4 d6 7.f4 g6 8.e5 dxe5
9.fxe5 Nfd7 10.Nf3 Bg7 11.Rb1 Qd8 12.Bf4 O-O 13.Qd2 Re8 14.Be2 b6 15.O-O Ba6
16.Bxa6 Nxa6 17.Qe2 Nc7 18.e6 fxe6 19.Bxc7 Qxc7 20.Qxe6+ Kh8 21.Nb5 Qc8 22.Ng5 Ne5
23.Rbe1 a6 24.Rxe5 Qxe6 25.Rxe6 axb5 26.Rxb6 Rxa2 27.Rxb5 Rxc2 28.Ne6 Bf6
29.Rb7 c4 30.d6 Re2 31.d7 Ra8 32.Rc7 Rg8 33.Rc8 Rd2 34.Rxg8+ Kxg8 35.d8=Q+ Rxd8
36.Nxd8 Kf8 37.Ne6+ Kf7 38.Ng5+ Kg7 39.Ne4 c3 40.Nxf6  1-0

[Event "ch-IRI 2013"]
[Site "Tabriz IRI"]
[Date "2013.11.29"]
[Round "4.7"]
[White "Mahjoob,M"]
[Black "Asgarizadeh,A"]
[Result "1/2-1/2"]
[WhiteElo "2419"]
[BlackElo "2267"]

1.d4 Nf6 2.Bg5 d5 3.Bxf6 exf6 4.e3 Be6 5.Nd2 c6 6.Bd3 Nd7 7.Ne2 Bd6 8.c4 dxc4
9.Bxc4 Bxc4 10.Nxc4 Bc7 11.Nc3 O-O 12.O-O f5 13.Qf3 Qf6 14.g3 Rad8 15.Rac1 Qe6
16.b3 Nf6 17.Nb2 Bd6 18.Nd3 Ne4 19.Rfd1 Rfe8 20.Na4 Qd5 21.Nac5 Bxc5 22.Nxc5 Nxc5
23.Qxd5 Rxd5 24.Rxc5 Rxc5 25.dxc5 Kf8 26.Kf1 Re5 27.Rd8+ Re8 28.Rd4 Ke7 29.Ke2 Ke6
30.Kd3 g6 31.h4 h5 32.Kc3 Rc8 33.Kc4 Re8 34.b4 Rc8 35.a4 a6 36.f3 Ra8 37.Rd6+ Ke7
38.Kd3 Rd8 39.Rd4 Rd7 40.b5 a5  1/2-1/2

[Event "ch-IRI 2013"]
[Site "Tabriz IRI"]
[Date "2013.11.30"]
[Round "5.12"]
[White "Mahdavirad,M"]
[Black "Ghanbarzadeh,Reza"]
[Result "1-0"]
[WhiteElo "2294"]
[BlackElo "2189"]

1.d4 Nf6 2.Bg5 g6 3.Bxf6 exf6 4.e3 Bg7 5.g3 O-O 6.Bg2 d5 7.Ne2 c6 8.O-O Re8
9.Nd2 Na6 10.c4 dxc4 11.Nxc4 Bg4 12.Rc1 Qd7 13.Re1 Bf8 14.a3 Nc7 15.Na5 Nb5
16.h3 Bxh3 17.Bxh3 Qxh3 18.Nxb7 Bh6 19.Qd3 Rab8 20.Nc5 Rbd8 21.Nc3 Nd6 22.N3e4 Nxe4
23.Nxe4 Qf5 24.Nc5 Qg4 25.Qd1 Qf5 26.Kg2 Bf8 27.Qf3 Qxf3+ 28.Kxf3 Bxc5 29.Rxc5 Re6
30.Rec1 Rdd6 31.Ra5 Rd7 32.Ra6 Rc7 33.b4 Kf8 34.g4 Rd6 35.Rc5 Ke7 36.Ke4 Kd7
37.Rca5 Re6+ 38.Kf4 Re7 39.Rxa7 Kd6 40.Rxc7 Rxc7 41.e4 Rb7 42.d5 cxd5 43.Rxd5+ Ke6
44.Ra5 Rc7 45.Ra6+ Ke7 46.b5 Rc3 47.f3 Rb3 48.a4 h5 49.gxh5 gxh5  1-0

[Event "Cultural Village 2013"]
[Site "Wijk aan Zee NED"]
[Date "2013.11.30"]
[Round "1.1"]
[White "Duijker,R"]
[Black "Ris,R"]
[Result "1-0"]
[WhiteElo "2251"]
[BlackElo "2416"]

1.d4 Nf6 2.Bg5 d5 3.Bxf6 exf6 4.e3 Bd6 5.g3 c6 6.Bg2 f5 7.Ne2 Nd7 8.Nd2 Nf6
9.a3 O-O 10.O-O Be6 11.c4 Re8 12.cxd5 Bxd5 13.Nc3 Bxg2 14.Kxg2 c5 15.dxc5 Bxc5
16.Nb3 Bf8 17.Qf3 Qb6 18.Nd4 g6 19.b4 Ne4 20.Nxe4 fxe4 21.Qe2 Bg7 22.Rad1 Rad8
23.Nb3 h5 24.h4 Qc7 25.Rxd8 Rxd8 26.Rc1 Qe7 27.Qc4 b6 28.Rc2 Rd3 29.Nd2 Rxa3
30.Nxe4 Be5 31.Qd5 a5 32.Rc8+ Kg7 33.Qa8 axb4 34.Rg8+ Kh7 35.Qc8 Bf6 36.Re8 b3
37.Rxe7 Bxe7 38.Qe8  1-0

[Event "14th Puhajarve Rapid"]
[Site "Puhajarve EST"]
[Date "2013.12.01"]
[Round "29.4"]
[White "Volodin,Alek"]
[Black "Nyback,T"]
[Result "1/2-1/2"]
[WhiteElo "2477"]
[BlackElo "2586"]

1.d4 Nf6 2.Bg5 d5 3.Bxf6 gxf6 4.e3 c5 5.c3 e5 6.dxc5 Bxc5 7.Nd2 Nc6 8.Nb3 Bb6
9.Ne2 Be6 10.Ng3 Qe7 11.Bd3 O-O-O 12.Qe2 h5 13.O-O-O h4 14.Nf5 Qc7 15.Bc2 Rdg8
16.g3 hxg3 17.hxg3 Kb8 18.Rxh8 Rxh8 19.Ng7 Qe7 20.Qf3 e4 21.Qe2 f5 22.Nh5 Bc7
23.Nf4 Bxf4 24.exf4 Qc7 25.Nd4 Nxd4 26.Rxd4 Rh1+ 27.Rd1 Rxd1+ 28.Qxd1 Qb6
29.Qd4 Qxd4 30.cxd4 Kc7  1/2-1/2

[Event "Pushchino Autumn 2013"]
[Site "Pushchino RUS"]
[Date "2013.12.01"]
[Round "8.5"]
[White "Ovod,E"]
[Black "Rodionova,Polina"]
[Result "1-0"]
[WhiteElo "2378"]
[BlackElo "2095"]

1.d4 Nf6 2.Bg5 d5 3.e3 Ne4 4.Bf4 c5 5.Bd3 Qb6 6.Bxe4 dxe4 7.Nc3 Qg6 8.Bg3 h5
9.h4 Bg4 10.Nge2 e6 11.Nf4 Qh7 12.f3 Bf5 13.Qe2 a6 14.O-O-O Nd7 15.Rd2 Nf6
16.Qc4 Be7 17.Qa4+ Kf8 18.Rhd1 Rc8 19.d5 e5 20.d6 Bd8 21.d7 Rc6 22.Nfe2 exf3
23.gxf3 Be6 24.Bxe5 Qf5 25.f4 Qg4 26.e4 Qxh4 27.f5 b5 28.Nxb5 Bxf5 29.Nbd4 cxd4
30.exf5 Qe4 31.Nxd4 Rb6 32.Re2 Qg4 33.Bc7  1-0

[Event "ch-IRI 2013"]
[Site "Tabriz IRI"]
[Date "2013.12.01"]
[Round "7.8"]
[White "Mahdavirad,M"]
[Black "Hosseinipour,M"]
[Result "1/2-1/2"]
[WhiteElo "2294"]
[BlackElo "2281"]

1.d4 Nf6 2.Bg5 d5 3.Bxf6 exf6 4.e3 Bd6 5.c4 dxc4 6.Bxc4 c6 7.Nf3 O-O 8.O-O Nd7
9.Nc3 f5 10.d5 c5 11.a4 Nf6 12.Qc2 Qe7 13.Bd3 g6 14.Rfe1 Bd7 15.Nd2 Ng4 16.g3 Ne5
17.Bf1 Rfe8 18.f4 Ng4 19.Nc4 Nf6 20.Bg2 Rad8 21.Rad1 b6 22.Rd2 Qf8 23.b3 h6
24.Rde2 Bb8 25.Bf3 Qg7 26.Rd2 g5 27.Kh1 Kh8 28.Red1 a6 29.d6 Ng4 30.Bxg4 Bc6+
31.Kg1 fxg4 32.Nxb6 Rxe3 33.Ncd5 Re6 34.Ne7 Bf3 35.Nc4 Bxd1 36.Qxd1 gxf4
37.Nc6 Ree8 38.d7 Rxd7 39.Rxd7 fxg3 40.Nxb8 gxh2+ 41.Kxh2 Qf6 42.Qd2 Qh4+
43.Kg2 Qh3+ 44.Kg1 Qg3+ 45.Kf1 Qf3+ 46.Kg1 Qg3+ 47.Kf1 Qh3+ 48.Kg1  1/2-1/2

[Event "9th Ugra Governor's Cup"]
[Site "Khanty-Mansiysk RUS"]
[Date "2013.12.03"]
[Round "6.12"]
[White "Bocharov,D"]
[Black "Shomoev,A"]
[Result "1-0"]
[WhiteElo "2602"]
[BlackElo "2560"]

1.d4 Nf6 2.Bg5 d5 3.e3 c5 4.Bxf6 gxf6 5.Nc3 e6 6.Qh5 Nd7 7.f4 cxd4 8.exd4 Bb4
9.Nf3 Qc7 10.Bd3 Qxf4 11.O-O f5 12.Ng5 Qxd4+ 13.Kh1 Ne5 14.Bxf5 Ke7 15.Rae1 Rf8
16.Nxh7 Rg8 17.Nf6 Bd7 18.Ncxd5+ exd5 19.c3 Rh8 20.Bh7  1-0

[Event "IV JAHV McGregor 2013"]
[Site "Bogota COL"]
[Date "2013.12.05"]
[Round "2.24"]
[White "Torres,Ju2"]
[Black "Rodriguez Rueda,P"]
[Result "0-1"]
[WhiteElo "2339"]
[BlackElo "2257"]

1.d4 Nf6 2.Bg5 d5 3.e3 Bf5 4.Bxf6 exf6 5.c4 Bxb1 6.Qa4+ Nc6 7.Rxb1 Bb4+ 8.Kd1 dxc4
9.Bxc4 O-O 10.Nf3 a6 11.Bd3 Re8 12.a3 Bf8 13.Kd2 g6 14.Rhd1 f5 15.g3 Bh6
16.Qc4 Qe7 17.Kc2 Rad8 18.b4 Rd6 19.Kb2 Red8 20.Bc2 b5 21.Qc5 a5 22.Rbc1 axb4
23.axb4 Bf8 24.Bb3 h6 25.Ne1 Qf6 26.Qc3 Bg7 27.Kb1 Qe7 28.Nd3 Qe4 29.Rc2 Bxd4
30.exd4 Nxd4 31.Nc5 Ne2 32.Rxd6 Nxc3+ 33.Kb2 Qxc2+ 34.Kxc2 cxd6 35.Kxc3 dxc5
36.bxc5 Kf8 37.h4 Ke7 38.Kb4 Rd3 39.h5 gxh5 40.c6 Rxb3+  0-1

[Event "IV JAHV McGregor 2013"]
[Site "Bogota COL"]
[Date "2013.12.05"]
[Round "2.17"]
[White "Gomez Ledo,R"]
[Black "Martinez,Jor"]
[Result "1-0"]
[WhiteElo "2424"]
[BlackElo "2206"]

1.d4 Nf6 2.Bg5 d5 3.e3 c6 4.Nd2 Bf5 5.Bxf6 gxf6 6.Bd3 Bxd3 7.cxd3 e5 8.Ne2 Nd7
9.O-O h5 10.e4 Qb6 11.exd5 cxd5 12.Rc1 Bd6 13.Qb3 Qxb3 14.Nxb3 Ke7 15.Nc3 Nb6
16.Rfe1 h4 17.f4 Rh5 18.Re2 Rf5 19.Rf1 Ke6 20.dxe5 fxe5 21.Nd4+ Kf6 22.fxe5+  1-0

[Event "IV JAHV McGregor 2013"]
[Site "Bogota COL"]
[Date "2013.12.06"]
[Round "5.39"]
[White "Becerra,J"]
[Black "Tirado,J"]
[Result "1-0"]
[WhiteElo "2221"]
[BlackElo "2032"]

1.d4 Nf6 2.Bg5 d5 3.Nc3 e6 4.e4 dxe4 5.Nxe4 Nbd7 6.Nf3 Be7 7.Bxf6 Nxf6 8.Nxf6+ Bxf6
9.Bd3 O-O 10.h4 Re8 11.Qe2 e5 12.dxe5 Bxe5 13.Nxe5 Qf6 14.O-O-O Rxe5 15.Qd2 Be6
16.Qc3 c6 17.Kb1 Bd5 18.f3 Qe7 19.a4 Re8 20.Qd4 c5 21.Qf4 Rc8 22.c4 Bc6 23.Bc2 Re8
24.Rd2 Re1+ 25.Rxe1 Qxe1+ 26.Ka2 Qe5 27.Qxe5 Rxe5 28.Be4 Bxa4 29.Ka3 Be8
30.Rd8 Re7 31.Bxb7 Kf8 32.Bc6 Re6 33.Bb5 f6 34.Ka4 Ra6+ 35.Kb3 Re6 36.h5 Kf7
37.Bxe8+ Rxe8 38.Rxe8 Kxe8 39.Ka4 Kd7 40.Kb5 Kd6 41.Ka6 Ke5 42.Kxa7 f5 43.Kb6 Kd4
44.Kb5 f4 45.b4 cxb4 46.Kxb4 Ke3 47.c5 Kf2  1-0

[Event "Lidums AUS YM 2013"]
[Site "Adelaide AUS"]
[Date "2013.12.07"]
[Round "1.1"]
[White "Brown,An"]
[Black "McClymont,Brodie"]
[Result "1-0"]
[WhiteElo "2245"]
[BlackElo "2262"]

1.d4 Nf6 2.Bg5 c5 3.d5 Qb6 4.Nc3 Qxb2 5.Bd2 Qb6 6.e4 e5 7.Rb1 Qd8 8.f4 d6
9.f5 a6 10.a4 Be7 11.g4 Nfd7 12.Be2 Bg5 13.Nf3 Bxd2+ 14.Qxd2 Qa5 15.O-O h6
16.Qe3 Nb6 17.Nd2 N8d7 18.Nb3 Qb4 19.a5 Nc4 20.Bxc4 Qxc4 21.Ra1 b5 22.axb6 Nxb6
23.Rfb1 Rb8 24.Na5 Qd4 25.Qxd4 cxd4 26.Na4 Nd7 27.Rxb8 Nxb8 28.Rb1 Nd7 29.Kf2 g5
30.Nb6 Nxb6 31.Rxb6 Ke7 32.Nc4 Rd8 33.f6+ Kxf6 34.Nxd6 Ke7 35.Nc4 f6 36.h3 Bd7
37.Rb7 Kf8 38.Nb6 Be8 39.Ke2 h5 40.Kd3 Bb5+ 41.c4 dxc3 42.Kxc3 h4 43.Kb4 Kg8
44.Kc5 Rf8 45.Nd7 Rf7 46.Kd6 Kg7 47.Ke6 Ba4 48.d6 Bb5 49.Rc7 a5 50.Nb8  1-0

[Event "5th Classic Open 2013"]
[Site "London ENG"]
[Date "2013.12.07"]
[Round "1.18"]
[White "Rahman,Zia"]
[Black "Puccini,Jack"]
[Result "1-0"]
[WhiteElo "2496"]
[BlackElo "2073"]

1.d4 Nf6 2.Bg5 c5 3.d5 Ne4 4.Bf4 Qb6 5.Bc1 g6 6.f3 Nf6 7.e4 d6 8.c4 Bg7 9.Nc3 O-O
10.Bd3 e6 11.Nge2 exd5 12.exd5 Re8 13.O-O Nbd7 14.f4 Ng4 15.h3 Ne3 16.Bxe3 Rxe3
17.Qd2 Re8 18.Rae1 Nf6 19.f5 Bd7 20.g4 Qd8 21.Kg2 g5 22.Ng3 h6 23.Nce4 Nxe4
24.Nxe4 Rxe4 25.Rxe4 Qf6 26.Re6 fxe6 27.fxe6 Qd4 28.exd7 Rd8 29.Qe2 Be5 30.Bf5 Kh8
31.Be6 Bf4 32.Qc2 Qf6 33.Qc3 Qxc3 34.bxc3 Kg7 35.Kf3 Kf6 36.Ke4 Ke7 37.Rb1 b6
38.Rb3 Be5 39.Ra3 Ra8 40.Kf5 Rf8+ 41.Kg6 a5 42.Rb3 Rb8 43.a4 Bf6 44.Kxh6 Rh8+
45.Kg6  1-0

[Event "19th Navalmoral Open"]
[Site "Navalmoral ESP"]
[Date "2013.12.07"]
[Round "5.4"]
[White "Ribeiro,Jos"]
[Black "Grigoryan,K2"]
[Result "1/2-1/2"]
[WhiteElo "2093"]
[BlackElo "2604"]

1.d4 Nf6 2.Bg5 c5 3.dxc5 e6 4.e3 Bxc5 5.Nd2 Be7 6.Ngf3 O-O 7.Be2 b6 8.O-O Bb7
9.Nc4 d6 10.a4 Qc7 11.a5 b5 12.a6 Bxa6 13.Na5 d5 14.Nd4 Qb6 15.f4 Rc8 16.Rf3 h6
17.Bh4 Nbd7 18.g4 Nc5 19.Qe1 Bf8 20.Bxf6 gxf6 21.Qh4 Bg7 22.g5 hxg5 23.fxg5 f5
24.Rh3 Ne4 25.c3 Kf8 26.Bh5 b4 27.Bxf7 Kxf7 28.Qh5+ Ke7 29.Qg6 Bxd4 30.cxd4 Kd6
31.Qg7 Rg8 32.Qe5+ Ke7 33.Rh7+ Kf8 34.h4 Qd6 35.Nb3 Bc8 36.Rc1 a5 37.Rcc7 Qxe5
38.dxe5 Nxg5 39.hxg5 Rxg5+ 40.Kf2 Kg8  1/2-1/2

[Event "IV JAHV McGregor 2013"]
[Site "Bogota COL"]
[Date "2013.12.08"]
[Round "8.10"]
[White "Gomez Ledo,R"]
[Black "Almanza,R"]
[Result "1/2-1/2"]
[WhiteElo "2424"]
[BlackElo "2173"]

1.d4 Nf6 2.Bg5 d5 3.e3 Ne4 4.Bf4 c5 5.c3 Nc6 6.Nd2 Bf5 7.Nxe4 Bxe4 8.Qb3 Qd7
9.Nf3 e6 10.Be2 Be7 11.O-O O-O 12.dxc5  1/2-1/2

[Event "52nd TCh-DEN XtraCon 2013-14"]
[Site "Denmark DEN"]
[Date "2013.12.08"]
[Round "3.2"]
[White "Sorensen,Jan1"]
[Black "Sloth,J"]
[Result "1-0"]
[WhiteElo "2422"]
[BlackElo "2338"]

1.d4 Nf6 2.Bg5 d5 3.Bxf6 exf6 4.e3 Bd6 5.g3 O-O 6.Bg2 Re8 7.Ne2 c6 8.b3 Bg4
9.O-O Qb6 10.Re1 Nd7 11.Qd3 a5 12.Nbc3 Qa6 13.Qd2 Bxe2 14.Nxe2 a4 15.Rab1 axb3
16.axb3 f5 17.c4 Nf6 18.c5 Bc7 19.b4 Ne4 20.Qc2 Qa4 21.Rec1 Qxc2 22.Rxc2 Ra3
23.b5 Ba5 24.Bxe4 fxe4 25.Rbb2 Bc7 26.b6 Bb8 27.Ra2 Rxa2 28.Rxa2 Kf8 29.g4 Ke7
30.Kg2 Kd7 31.Ra8 Kc8 32.h4 h5 33.gxh5 Kd7 34.Kh3 Rc8 35.Kg4 Rd8 36.Ng3  1-0

[Event "5th Classic Open 2013"]
[Site "London ENG"]
[Date "2013.12.08"]
[Round "2.15"]
[White "Shyam,SM"]
[Black "Ledger,D"]
[Result "1-0"]
[WhiteElo "2534"]
[BlackElo "2246"]

1.d4 Nf6 2.Bg5 c5 3.Bxf6 gxf6 4.d5 Qb6 5.Qc1 f5 6.g3 Bh6 7.e3 Qg6 8.Nc3 d6
9.Nge2 a6 10.a4 Nd7 11.Nf4 Qf6 12.a5 Rb8 13.Be2 O-O 14.O-O Kh8 15.Rd1 Rg8
16.Na4 Bg5 17.Nh5 Qh6 18.Qd2 Rg6 19.b4 cxb4 20.Qxb4 Nf6 21.Qc3 Bd7 22.Nxf6 Bxf6
23.Qc7 Rbg8 24.Qxd7 Qh3 25.Bf1 Rxg3+ 26.fxg3 Rxg3+ 27.hxg3 Qxg3+ 28.Bg2 Qxe3+
29.Kf1 Qf4+ 30.Ke2 Qe5+ 31.Kf2 Qf4+ 32.Bf3 Qh4+ 33.Kg2  1-0

[Event "6th Kolkata Open"]
[Site "Kolkata IND"]
[Date "2013.12.11"]
[Round "7.11"]
[White "Drazic,S"]
[Black "Thipsay,P"]
[Result "0-1"]
[WhiteElo "2441"]
[BlackElo "2419"]

1.d4 Nf6 2.Bg5 g6 3.Nd2 d5 4.c3 Bg7 5.Bxf6 exf6 6.e4 dxe4 7.Nxe4 f5 8.Nd2 O-O
9.Bc4 Nd7 10.Ne2 b6 11.O-O Bb7 12.Re1 c5 13.Nb3 Rc8 14.dxc5 Ne5 15.c6 Nxc6
16.Bd5 Rc7 17.Bf3 Rd7 18.Qc2 Qc7 19.Rad1 Rxd1 20.Qxd1 Rd8 21.Qb1 h5 22.h3 Ba6
23.Rd1 Ne5 24.Rxd8+ Qxd8 25.Ned4 Nxf3+ 26.Nxf3 Bb7 27.Nbd4 Be4 28.Qf1 g5
29.Qb5 g4 30.Nd2 Bxd4 31.Nxe4 fxe4 32.cxd4 Qxd4 33.Qg5+ Kf8 34.b4 gxh3 35.gxh3 Qg7
36.Qg2 f5 37.Kh2 Qxg2+ 38.Kxg2 f4  0-1

[Event "Russian Cup Final w 2013"]
[Site "Khanty-Mansiysk RUS"]
[Date "2013.12.12"]
[Round "1.1"]
[White "Khlichkova,T"]
[Black "Bodnaruk,A"]
[Result "0-1"]
[WhiteElo "2231"]
[BlackElo "2448"]

1.d4 Nf6 2.Bg5 d5 3.Nd2 Nbd7 4.Ngf3 g6 5.e3 Bg7 6.Bd3 O-O 7.O-O c5 8.c3 Re8
9.Re1 Qb6 10.Qc2 Nf8 11.c4 cxd4 12.c5 Qc7 13.exd4 Ne6 14.Bh4 Nh5 15.Nb3 Bd7
16.a4 b6 17.Bb5 Rac8 18.Rac1 Bxb5 19.axb5 bxc5 20.dxc5 Qb7 21.Qd3 Nhf4 22.Qf1 d4
23.Na5 Qd5 24.b4 d3 25.Rcd1 Bc3 26.Re3 Bxb4 27.Re5 Qa2 28.Ra1 Qc2 29.Nc6 Bc3
30.Rc1 Bxe5 31.Rxc2 dxc2 32.Nxe7+ Rxe7 33.Bxe7 Bb2 34.c6 c1=Q  0-1

[Event "5th Classic Open 2013"]
[Site "London ENG"]
[Date "2013.12.14"]
[Round "8.22"]
[White "Summerscale,A"]
[Black "Bao,Q"]
[Result "0-1"]
[WhiteElo "2423"]
[BlackElo "2166"]

1.d4 Nf6 2.Bg5 g6 3.Bxf6 exf6 4.g3 Bg7 5.Bg2 f5 6.e3 O-O 7.Ne2 d6 8.c4 Nd7
9.Nd2 Re8 10.O-O Nf6 11.Nc3 Rb8 12.Qc2 Bd7 13.Rab1 h5 14.b4 h4 15.b5 hxg3
16.hxg3 Ng4 17.Rfe1 c6 18.a4 f4 19.gxf4 Bf5 20.Qd1 Qh4 21.Re2 Bxb1 22.Ndxb1 Rbc8
23.Qd3 Qh2+ 24.Kf1 Qh5 25.Nd2 d5 26.c5 b6 27.bxc6 bxc5 28.Nxd5 cxd4 29.exd4 Kh7
30.Ne3 Nh2+ 31.Ke1 Qa5 32.d5 Qxa4 33.Nd1 Rxe2+ 34.Kxe2 Re8+ 35.Ne3 Qxf4 36.d6 Ng4
37.Nf3 Nxe3 38.fxe3 Bh6 39.Qd5 Rxe3+ 40.Kf1 Rc3 41.d7 Bg5 42.c7 Rxc7 43.Qxg5 Qc4+
44.Kg1 Rxd7 45.Qf6 Kg8 46.Qb2 Qc5+ 47.Kh2 Qb6 48.Qe2 Qd6+ 49.Kh3 a5 50.Qb5 Ra7
51.Ne5 Kg7 52.Nc6 Ra8 53.Ne5 Rh8+ 54.Kg4 Rh5 55.Kf4 Qd4+ 56.Be4 Rf5+  0-1

[Event "5th Classic Open 2013"]
[Site "London ENG"]
[Date "2013.12.14"]
[Round "8.1"]
[White "Bartel,Mat"]
[Black "Hammer,J"]
[Result "1/2-1/2"]
[WhiteElo "2649"]
[BlackElo "2612"]

1.d4 Nf6 2.Bg5 d5 3.e3 c5 4.Bxf6 gxf6 5.dxc5 e6 6.c4 dxc4 7.Qa4+ Nc6 8.Nd2 Qa5
9.Qxa5 Nxa5 10.Ne4 Bg7 11.Nd6+ Ke7 12.O-O-O b6 13.g4 bxc5 14.Ne2 Rd8 15.Bg2 Rb8
16.Nxc8+ Rdxc8 17.Nc3 Nc6 18.f4 Nb4 19.Bf1 f5 20.Bxc4 fxg4 21.h3 h5 22.hxg4 hxg4
23.Rh5 Rd8 24.Rg5 Bxc3 25.bxc3 Rxd1+ 26.Kxd1 Rd8+ 27.Ke2 Nd5 28.Bxd5 Rxd5
29.Rxg4 c4 30.f5 Rxf5 31.Rxc4 Ra5 32.a4 f5 33.e4 f4 34.e5 Rxe5+ 35.Kf3 Rh5
36.Rc7+ Kd6 37.Rxa7 Rh3+ 38.Kxf4 Rxc3  1/2-1/2

[Event "SportAccord Blitz Women 2013"]
[Site "Beijing CHN"]
[Date "2013.12.15"]
[Round "11.4"]
[White "Dzagnidze,N"]
[Black "Ju Wenjun"]
[Result "0-1"]
[WhiteElo "2557"]
[BlackElo "2514"]

1.d4 Nf6 2.Bg5 d5 3.e3 c5 4.Bxf6 gxf6 5.c3 Qb6 6.Qb3 e6 7.Nd2 Nc6 8.Ngf3 Bd7
9.Bd3 c4 10.Qxb6 axb6 11.Bc2 b5 12.e4 b4 13.exd5 exd5 14.O-O Kd8 15.Rfb1 Kc7
16.Nf1 Bh6 17.Ne3 Bxe3 18.fxe3 bxc3 19.bxc3 Ra3 20.e4 Rxc3 21.Rb2 b5 22.exd5 Ne7
23.Nd2 Nxd5 24.Ne4 Re3 25.Nc5 Bc6 26.Be4 c3 27.Rf2 Re8 28.Bxd5 Bxd5 29.a3 Re1+
30.Rf1 Rxa1 31.Rxa1 Re2 32.Rc1 c2 33.Nd3 Be4 34.Nf2 Bg6 35.Kf1 Rd2 36.Ke1 Rxd4
37.Ke2 Kb6 38.Ke3 Ra4 39.Kd2 Rxa3 40.Re1 b4 41.Re8 Ra1 42.Rc8 b3 43.Rc3 b2
44.Rb3+ Ka7  0-1

[Event "SportAccord Blitz Women 2013"]
[Site "Beijing CHN"]
[Date "2013.12.15"]
[Round "17.1"]
[White "Dzagnidze,N"]
[Black "Lagno,Kateryna"]
[Result "0-1"]
[WhiteElo "2557"]
[BlackElo "2543"]

1.d4 Nf6 2.Bg5 d5 3.e3 c5 4.c3 Qb6 5.Qb3 c4 6.Qc2 g6 7.Nd2 Bf5 8.Qc1 Bg7
9.Ngf3 Nc6 10.Be2 O-O 11.O-O Rac8 12.Re1 Rfe8 13.Bf1 e5 14.dxe5 Nxe5 15.Nxe5 Rxe5
16.Nf3 Ree8 17.Nd4 Bd7 18.Qc2 Ne4 19.Bh4 g5 20.Bg3 f5 21.Rad1 Qf6 22.Nf3 Bc6
23.Qc1 h5 24.h4 Nxg3 25.hxg5 Qd6 26.fxg3 Qxg3 27.Qd2 d4 28.Nxd4 Be5 29.Nxc6 Rxc6
30.Qd5+ Kh8 31.Qf3 Qh2+ 32.Kf2 Qh4+ 33.g3 Qxg5 34.Bh3 Rg6 35.Rg1 Bc7 36.Rd5 Bb6
37.Rxf5 Qxe3+ 38.Qxe3 Bxe3+ 39.Kf1 Bxg1 40.Rxh5+ Kg7 41.Kxg1 Rxg3+ 42.Kf2 Rd3
43.Bf1 Rd2+ 44.Kg3 Rxb2 45.Bxc4 Re3+ 46.Kf4 Rxc3 47.Bd5 Kf6 48.Rh6+ Ke7 49.Rh7+ Kd6
50.Bxb7 Rc7 51.Rxc7 Kxc7 52.Bd5 Kd6 53.Bg8 Re2 54.Kf3 Re7 55.Bb3 Kc5 56.Kf4 a5
57.a4 Kb4 58.Bd1 Re1 59.Bc2 Rc1 60.Bd3 Kxa4 61.Ke3 Kb3 62.Kd2 Kb2 63.Bb5 Rc5
64.Ba4 Rc4 65.Bb5 Rb4 66.Be8 a4  0-1

[Event "20th Zadar Open A 2013"]
[Site "Zadar CRO"]
[Date "2013.12.17"]
[Round "4.7"]
[White "Bosiocic,Mari"]
[Black "Zufic,M"]
[Result "1-0"]
[WhiteElo "2542"]
[BlackElo "2466"]

1.d4 Nf6 2.Bg5 d5 3.e3 c6 4.Bd3 Nbd7 5.f4 Qb6 6.b3 h6 7.Bh4 g5 8.fxg5 hxg5
9.Bxg5 Bh6 10.Bxh6 Rxh6 11.Nc3 Nf8 12.Qd2 Ng4 13.Nf3 e5 14.dxe5 Qxe3+ 15.Qxe3 Nxe3
16.Kf2 Ng4+ 17.Kg3 Rh5 18.Rae1 Nh6 19.Ne2 Ne6 20.h3 Nf5+ 21.Kf2 Nh4 22.Nxh4 Rxh4
23.g4 Rh8 24.Kg3 b5 25.b4 a5 26.a3 Bd7 27.Ra1 Ke7 28.Nf4 Nxf4 29.Kxf4 axb4
30.axb4 Rxh3 31.Rxa8 Rxh1 32.Ra7 Kd8 33.Bf5 Be6 34.Kg5 Rf1 35.Kf6 Rf2 36.Rxf7 Bxf7
37.Kxf7 Re2 38.e6 Re5 39.c3 Re3 40.g5 Re5 41.Kf6  1-0

[Event "WYCC U16 Girls 2013"]
[Site "Al-Ain UAE"]
[Date "2013.12.18"]
[Round "1.18"]
[White "Munoz,Claudia"]
[Black "Malassagne,Isabelle"]
[Result "0-1"]
[WhiteElo "1781"]
[BlackElo "2043"]

1.d4 Nf6 2.Bg5 d5 3.Bxf6 exf6 4.e3 Bd6 5.c4 c6 6.Nc3 dxc4 7.Bxc4 O-O 8.Nf3 Bg4
9.h3 Bh5 10.O-O Nd7 11.Ne4 Bc7 12.Bd3 Re8 13.Rc1 Bg6 14.Qc2 Qe7 15.Nfd2 f5
16.Nc3 f4 17.e4 Rac8 18.Rfe1 Nf8 19.d5 Bb6 20.dxc6 bxc6 21.Na4 Ne6 22.Nc4 f3
23.Naxb6 axb6 24.Nxb6 Rb8 25.Nc4 fxg2 26.Qd2 Red8 27.Qe3 Qh4 28.Ne5 Rxb2
29.Nxc6 Re8 30.Bb1 h6 31.Rc2 Rxc2 32.Bxc2 Ng5 33.Kxg2 Bxe4+ 34.Kh2 Re6 35.Rb1 Bxc2
36.Rb8+ Kh7 37.Qc3 Rxc6 38.Qxc6 Qxh3+ 39.Kg1 Nf3+ 40.Qxf3 Qxf3 41.Rb4 Be4
42.Rxe4 Qxe4 43.Kh2 Kg6 44.Kg3 Kg5 45.Kh2 Kh4 46.Kg1 Kh3 47.Kf1 f5 48.a3 f4
49.a4 f3 50.a5 Qe2+ 51.Kg1 Qe1+  0-1

[Event "WYCC U18 Open 2013"]
[Site "Al-Ain UAE"]
[Date "2013.12.19"]
[Round "2.13"]
[White "Santos Latasa,J"]
[Black "Draskovic,L"]
[Result "0-1"]
[WhiteElo "2467"]
[BlackElo "2282"]

1.d4 Nf6 2.Bg5 d5 3.e3 c5 4.Bxf6 gxf6 5.Nf3 Nc6 6.c4 cxd4 7.exd4 Bg4 8.Nc3 Bxf3
9.Qxf3 Nxd4 10.Qd1 e5 11.cxd5 Bb4 12.Bc4 Rc8 13.Qd3 Qc7 14.Bb5+ Ke7 15.Rc1 a6
16.Ba4 Qc4 17.Qxc4 Rxc4 18.Bb3 Rc5 19.Kd1 Rhc8 20.d6+ Kd7 21.Bxf7 Bxc3 22.Rxc3 Rxc3
23.bxc3 Rxc3 24.Re1 Kxd6 25.Re3 Rc2 26.Ke1 Rc7 27.Bb3 Rc1+ 28.Kd2 Rf1 29.Rh3 Rxf2+
30.Ke1 Rxg2 31.Rxh7 e4 32.Kf1 Rb2  0-1

[Event "WYCC U18 Open 2013"]
[Site "Al-Ain UAE"]
[Date "2013.12.19"]
[Round "2.47"]
[White "Kisic,B"]
[Black "Choi,Hangsuk"]
[Result "1-0"]
[WhiteElo "2130"]
[BlackElo "1348"]

1.d4 d5 2.Bg5 Nf6 3.e3 e6 4.Bd3 c5 5.c3 Be7 6.Nd2 h6 7.Bxf6 Bxf6 8.f4 cxd4
9.exd4 O-O 10.Ngf3 Nc6 11.Qe2 Rb8 12.h4 a6 13.g4 Re8 14.g5 hxg5 15.hxg5  1-0

[Event "WYCC U16 Girls 2013"]
[Site "Al-Ain UAE"]
[Date "2013.12.21"]
[Round "5.42"]
[White "Bulmaga,E"]
[Black "Gunaratne,Manisha Suchini"]
[Result "1-0"]
[WhiteElo "1820"]
[BlackElo "1691"]

1.d4 Nf6 2.Bg5 g6 3.Nd2 Bg7 4.e4 d6 5.Ngf3 O-O 6.c3 Nbd7 7.h3 h6 8.Bh4 g5
9.Bg3 Ne8 10.Bd3 e5 11.dxe5 dxe5 12.O-O Nd6 13.Re1 Qe7 14.Qc2 Nc5 15.Bf1 f5
16.Nc4 f4 17.Bh2 g4 18.Nxd6 cxd6 19.hxg4 Bxg4 20.b4 Ne6 21.Qd3 Rad8 22.Be2 h5
23.Qd5 Kh8 24.Nd2 Rf6 25.f3 Rg6 26.fxg4 hxg4 27.Bxg4 Rxg4 28.Nf3 Ng5 29.Qd3 d5
30.Nxg5 Qxg5 31.Qf3 dxe4 32.Qxe4 Qh6 33.Rad1 Rg8 34.Kf2 Qxh2 35.Rh1 Rh4 36.Rxh2 Rxh2
37.Rd3 Bf6 38.Rh3+ Rxh3 39.gxh3 Rg3 40.Qf5 Kg7 41.Qd7+ Kh6 42.Qf7 Bh4 43.Qf8+ Rg7+
44.Kf3 Be7 45.Qh8+ Kg6 46.h4 Bf6 47.Qe8+ Kf5 48.Qc8+ Kg6 49.h5+ Kg5 50.Qe6 Rh7
51.Qg4+ Kh6 52.Qg6+  1-0

[Event "20th Zadar Open A 2013"]
[Site "Zadar CRO"]
[Date "2013.12.21"]
[Round "9.8"]
[White "Cebalo,M"]
[Black "Jovanic,O"]
[Result "1/2-1/2"]
[WhiteElo "2403"]
[BlackElo "2519"]

1.d4 Nf6 2.Bg5 d5 3.e3 c6 4.Bd3 Bg4 5.f3 Be6 6.c3 g6 7.Nd2 Bg7 8.Ne2 Qc8
9.O-O c5 10.Rc1 c4 11.Bc2 Na6 12.e4 Nc7 13.Nf4 b5 14.Nxe6 Qxe6 15.Re1 Qd7
16.exd5 Nfxd5 17.Ne4 O-O 18.Qd2 Qc6 19.Nf2 Rfe8 20.Be4 Qb6 21.Bxd5 Nxd5 22.Bh6 Bh8
23.Re2 Rad8 24.Qg5 b4 25.h4 bxc3 26.bxc3 Qf6 27.Qg4 Qf5 28.Qxf5 gxf5 29.g4 Rd6
30.Bd2 fxg4 31.fxg4 Rb8 32.Rc2 Rb1+ 33.Kg2 Rdb6 34.Kf3 R6b2 35.Rxb2 Rxb2
36.Be1 Rb6 37.Ne4 a5 38.Nc5 Bg7 39.g5 h6 40.Kg4 hxg5 41.hxg5 Rb1 42.Kf3 Kh7
43.Na4 e6 44.Bd2 Kg6 45.Re1 Rb5 46.Rh1 Nb6 47.Nxb6 Rxb6 48.Ke4 Rb2 49.Rd1 Rb5
50.Bf4 a4 51.d5 exd5+ 52.Rxd5 Rb2 53.Rd6+ Kh5 54.Kf5 Rb5+ 55.Ke4 Rb2 56.Kf5 a3
57.Rd7 Rb5+ 58.Ke4 Bxc3 59.Rxf7 Bb2 60.Rh7+ Kg6 61.Rh6+ Kg7 62.Rc6 c3 63.Be3 Rb4+
64.Kf5 Rb5+ 65.Ke4 Rb4+ 66.Kd3 Rg4 67.Kc2 Kf7 68.g6+ Kg7 69.Bb6 Rxg6  1/2-1/2